000 00801cam a22002777i 4500
999 _c200428136
_d46060
001 20149473
003 TR-AnTOB
005 20191009090156.0
008 171121s2017 tu 000 0 tur
010 _a 2017349233
020 _a9789750733741
040 _aDLC
_beng
_erda
_cDLC
_dTR-AnTOB
041 0 _atur
050 0 0 _aPL248.Y27
_b P47 2017
090 _aPL248.Y27
_b P47 2017
100 1 _aYalçın, Murat,
_d1970-
_eauthor
_9102952
245 1 0 _aPera Mera /
_cMurat Yalçın.
264 1 _aGalatasaray, İstanbul :
_bCan Sanat Yayınları,
_c2017.
300 _a174 pages ;
_c19 cm
336 _atext
_btxt
_2rdacontent
337 _aunmediated
_bn
_2rdamedia
338 _avolume
_bnc
_2rdacarrier
650 0 _aTurkish literature
_97783
942 _2lcc
_cBK